| 000 | 00470nam a22001817a 4500 | ||
|---|---|---|---|
| 005 | 20230128132831.0 | ||
| 008 | 230125b |||||||| |||| 00| 0 eng d | ||
| 020 | _a9789385529092 | ||
| 041 | _aeng | ||
| 082 | _a615.1 GUP-D | ||
| 100 |
_aGUPTA ,B.K AND GUPTA ,R.N _97261 |
||
| 245 | _aGOOD PHARMACY PRACTICES IN HOSPITAL PHARMACY | ||
| 250 | _a1st ed. | ||
| 260 | _bVALLABH PRAKASHAN | ||
| 300 | _a152;P. | ||
| 650 |
_aPHARMACY _xD. PHARMA _97090 |
||
| 942 | _cBK | ||
| 999 |
_c8214 _d8212 |
||